000 01119nac a22004210a 4500
001 PT49520
003 AR-LpoUNG
005 20210201005457.0
008 201001s2012||||ag |||||||||||||||||spa d
020 _a9789876281621
_c$16
040 _aAR-LpoUNG
_bspa
_eaacr
041 _aspa
044 _aag
082 0 _a982.12 154v1
100 1 _aOtero, Hernán
_edir.
245 1 0 _aPoblación, ambiente y territorio
250 _a1ra. ed.
260 _aBuenos Aires :
_bEdhasa,
_c2012.
300 _a405 p. :
_bil., gráfs., tbls., fot.
_a(6
_fVolúmenes)
_3Impreso
490 0 _aHistoria de la provincia de Buenos Aires
650 4 _aANALISIS HISTORICO
650 4 _aARGENTINA
650 4 _aCRECIMIENTO DEMOGRAFICO
650 4 _aDEMOGRAFIA
650 4 _aECOSISTEMAS
650 4 _aESCLAVITUD
650 4 _aHISTORIA SOCIAL
650 4 _aINMIGRACION
650 4 _aINMIGRANTES
650 4 _aMEDIO URBANO
650 4 _aPOBLACION
650 4 _aPOBLACION INDIGENA
650 4 _aPOBLACION RURAL
651 4 _aArgentina
653 _aPROVINCIA DE BUENOS AIRES
905 _a49520
942 _cLIB
999 _c49766
_d49766